[Event "NED-ch U15"]
[Site "Venlo"]
[Date "2008.05.03"]
[Round "9"]
[White "Suilen, Willem"]
[Black "Van der Werff, Frank"]
[Result "1-0"]
[WhiteElo "1564"]
[BlackElo "1504"]
[PlyCount "71"]
[EventDate "2008.04.28"]
[EventType "swiss"]
[EventRounds "9"]
[EventCountry "NED"]
[SourceTitle "CBM 123 Extra"]
[Source "ChessBase"]
[SourceDate "2008.05.06"]
[SourceVersion "1"]
[SourceVersionDate "2008.05.06"]
[SourceQuality "1"]

1. e4 c5 2. Nf3 d6 3. d4 cxd4 4. Nxd4 Nf6 5. Nc3 g6 6. Be3 Bg7 7. f3 0-0 8. Qd2 Nc6 9. Bc4 Bd7 10. 0-0-0 Rc8 11. Bb3 Ne5 12. h4 Nc4 13. Bxc4 Rxc4 14. h5 Qa5 15. Nb3 Qa6 16. hxg6 fxg6 17. Kb1 Rfc8 18. Nd5 Nxd5 19. Qxd5+ e6 20. Qxd6 Rxc2 21. Qxa6 Rxb2+ 22. Ka1 Rxb3+ 23. Rd4 Rxe3 24. Qd6 Rd3 25. e5 Rxd4 26. Qxd4 Bc6 27. Rc1 a6 28. Qd6 Kf7 29. Rc4 g5 30. f4 Bf8 31. Qd3 Kg7 32. Qg3 Be7 33. fxg5 Rf8 34. Qh4 Rf5 35. Qh6+ Kg8 36. g6 1-0

[Event "NED-ch U15"]
[Site "Venlo"]
[Date "2008.04.28"]
[Round "1"]
[White "Suilen, Willem"]
[Black "Brookes, Christopher"]
[Result "0-1"]
[WhiteElo "1564"]
[BlackElo "1849"]
[PlyCount "70"]
[EventDate "2008.04.28"]
[EventType "swiss"]
[EventRounds "9"]
[EventCountry "NED"]
[SourceTitle "CBM 123 Extra"]
[Source "ChessBase"]
[SourceDate "2008.05.06"]
[SourceVersion "1"]
[SourceVersionDate "2008.05.06"]
[SourceQuality "1"]

1. e4 c5 2. Nf3 d6 3. d4 cxd4 4. Nxd4 Nf6 5. Nc3 g6 6. Be3 Bg7 7. f3 Nc6 8. Bc4 0-0 9. Qd2 Bd7 10. 0-0-0 Rc8 11. Bb3 Ne5 12. h4 h5 13. Kb1 Nc4 14. Bxc4 Rxc4 15. Qd3 Rc8 16. Nb3 a6 17. Bd4 Be6 18. Nd5 Bxd5 19. exd5 Qc7 20. Bc3 b5 21. Na5 Qc5 22. Nc6 Nxd5 23. Qxd5 Qxc6 24. Qxc6 Rxc6 25. Bb4 Rfc8 26. Rd2 Bf6 27. g3 Rc4 28. Ba5 b4 29. Bb6 Rb8 30. Bf2 a5 31. b3 Rc6 32. Re2 a4 33. Rd1 axb3 34. cxb3 Rc3 35. f4 Kf8 0-1

[Event "NED-ch U13"]
[Site "Rijswijk"]
[Date "2007.05.19"]
[Round "8"]
[White "Bakker, Jouke"]
[Black "Suilen, Willem"]
[Result "1/2-1/2"]
[WhiteElo "1384"]
[BlackElo "1397"]
[PlyCount "40"]
[EventDate "2007.05.17"]
[EventType "swiss"]
[EventRounds "9"]
[EventCountry "NED"]
[SourceTitle "EXT 2009"]
[Source "ChessBase"]
[SourceDate "2008.11.26"]
[SourceVersion "1"]
[SourceVersionDate "2008.11.26"]
[SourceQuality "1"]

1. e4 e5 2. Nf3 Nc6 3. Bc4 Nf6 4. Ng5 d5 5. exd5 b5 6. Bxb5 Qxd5 7. Bxc6+ Qxc6 8. 0-0 Bb7 9. Nf3 Bc5 10. d3 0-0 11. Nc3 Rfe8 12. Bg5 h6 13. Be3 Bxe3 14. fxe3 Rad8 15. e4 Qc5+ 16. Kh1 Nxe4 17. Nxe4 Bxe4 18. Qe2 Bb7 19. Rae1 f6 20. a3 Qb5 1/2-1/2

[Event "NED-ch U13"]
[Site "Rijswijk"]
[Date "2007.05.19"]
[Round "9"]
[White "Suilen, Willem"]
[Black "Roelofs, Rik"]
[Result "1/2-1/2"]
[WhiteElo "1397"]
[BlackElo "1407"]
[PlyCount "61"]
[EventDate "2007.05.17"]
[EventType "swiss"]
[EventRounds "9"]
[EventCountry "NED"]
[SourceTitle "EXT 2009"]
[Source "ChessBase"]
[SourceDate "2008.11.26"]
[SourceVersion "1"]
[SourceVersionDate "2008.11.26"]
[SourceQuality "1"]

1. e4 e6 2. d4 d5 3. exd5 exd5 4. Nf3 Nf6 5. Bg5 Be7 6. Bd3 Be6 7. 0-0 Nbd7 8. Nc3 c6 9. Re1 Qc7 10. Qe2 0-0 11. Nd1 Bd6 12. Ne5 Rfe8 13. Nxd7 Nxd7 14. g3 h6 15. Be3 Bh3 16. Qh5 Be6 17. Nc3 Nf6 18. Qd1 Qd7 19. Qd2 Ng4 20. Bf4 Bxf4 21. Qxf4 Rac8 22. Ne2 Qc7 23. Qd2 Qd7 24. Nf4 Bf5 25. Bxf5 Qxf5 26. c3 Nf6 27. a4 Qg4 28. Qd3 Re4 29. Ne2 Qg6 30. Nf4 Qg5 31. Ne2 1/2-1/2

[Event "NED-ch U13"]
[Site "Rijswijk"]
[Date "2007.05.19"]
[Round "7"]
[White "Suilen, Willem"]
[Black "Soeterbroek, Jaimy"]
[Result "1-0"]
[WhiteElo "1397"]
[BlackElo "1369"]
[PlyCount "65"]
[EventDate "2007.05.17"]
[EventType "swiss"]
[EventRounds "9"]
[EventCountry "NED"]
[SourceTitle "EXT 2009"]
[Source "ChessBase"]
[SourceDate "2008.11.26"]
[SourceVersion "1"]
[SourceVersionDate "2008.11.26"]
[SourceQuality "1"]

1. e4 e5 2. Nf3 Nc6 3. Bb5 Nf6 4. 0-0 Bc5 5. c3 d6 6. d4 exd4 7. cxd4 Bb6 8. d5 a6 9. Ba4 Bxf2+ 10. Rxf2 b5 11. dxc6 bxa4 12. Qxa4 0-0 13. Bg5 Qe7 14. Nc3 Qe6 15. Bxf6 Qxf6 16. Qd4 Qg6 17. Nh4 Qg5 18. Nf5 Be6 19. h4 Qg4 20. Rf4 Qg6 21. Ne7+ Kh8 22. Nxg6+ hxg6 23. Nd5 Bxd5 24. Qxd5 Rab8 25. b3 Rb5 26. Qc4 Rc5 27. Qxa6 Rc2 28. Raf1 f6 29. Qb7 Kh7 30. Qxc7 Ra8 31. R4f2 Rc5 32. Qxd6 Rh5 33. c7 1-0

[Event "NED-ch U13"]
[Site "Rijswijk"]
[Date "2006.05.26"]
[Round "5"]
[White "Schonwetter, Wouter"]
[Black "Suilen, Willem"]
[Result "1/2-1/2"]
[WhiteElo "1424"]
[BlackElo "1298"]
[PlyCount "46"]
[EventDate "2006.05.25"]
[EventType "swiss"]
[EventRounds "9"]
[EventCountry "NED"]
[SourceTitle "EXT 2009"]
[Source "ChessBase"]
[SourceDate "2008.11.26"]
[SourceVersion "1"]
[SourceVersionDate "2008.11.26"]
[SourceQuality "1"]

1. e4 e5 2. f4 d5 3. exd5 e4 4. Nc3 Nf6 5. Bc4 Bd6 6. Nge2 0-0 7. 0-0 b6 8. d3 exd3 9. Qxd3 Bb7 10. Ng3 Nbd7 11. Bd2 Nc5 12. Qf3 a5 13. Nge4 Ncxe4 14. Nxe4 Nxe4 15. Qxe4 Re8 16. Qf3 Bc5+ 17. Kh1 Qd7 18. Bc3 Qf5 19. Bd3 Qxd5 20. Qg4 Bd4 21. Bxd4 Qxd4 22. b3 Qd5 23. Rae1 h5 1/2-1/2

[Event "NED-ch U13"]
[Site "Rijswijk"]
[Date "2006.05.26"]
[Round "6"]
[White "Suilen, Willem"]
[Black "Kauffeld, Bastiaan"]
[Result "0-1"]
[WhiteElo "1298"]
[BlackElo "1342"]
[PlyCount "160"]
[EventDate "2006.05.25"]
[EventType "swiss"]
[EventRounds "9"]
[EventCountry "NED"]
[SourceTitle "EXT 2009"]
[Source "ChessBase"]
[SourceDate "2008.11.26"]
[SourceVersion "1"]
[SourceVersionDate "2008.11.26"]
[SourceQuality "1"]

1. e4 c5 2. Nf3 Nc6 3. d4 cxd4 4. Nxd4 e5 5. Nf3 Nf6 6. Nc3 Bb4 7. Bg5 Bxc3+ 8. bxc3 h6 9. Bxf6 Qxf6 10. Bc4 0-0 11. 0-0 Qg6 12. Re1 d6 13. Rb1 Bh3 14. g3 Na5 15. Bd5 Rab8 16. Qd3 Rfc8 17. c4 Rc7 18. Qc3 b6 19. Qd3 Rbc8 20. Nd2 Qf6 21. a3 Rf8 22. a4 Be6 23. Bxe6 fxe6 24. Rf1 Qe7 25. c3 Rfc8 26. Rb4 Rd7 27. f4 Rcd8 28. f5 d5 29. Rb2 dxc4 30. Qe2 exf5 31. Rxf5 g6 32. Rf1 Kg7 33. Nxc4 Qc5+ 34. Ne3 Rd3 35. Rb5 Qxe3+ 36. Qxe3 Rxe3 37. Rxe5 Nc6 38. Rb5 Rxe4 39. Rb2 Rxa4 40. Rbf2 Ne5 41. Re2 Nf7 42. Re7 Rf8 43. Kg2 a5 44. Rc1 Rc4 45. Rb7 Rc6 46. Ra1 Kg8 47. c4 Nd6 48. Rd7 Nxc4 49. Re1 Rcf6 50. Rb7 a4 51. Ra7 b5 52. Rb1 Rf2+ 53. Kg1 Rb2 54. Re1 Rbf2 55. Rb1 Na3 56. Rd1 R2f7 57. Ra6 Kg7 58. Ra1 Nc4 59. Rb1 Rb8 60. Rc6 a3 61. Rxc4 bxc4 62. Rxb8 Ra7 63. Rb1 a2 64. Ra1 c3 65. Kf1 c2 66. Ke2 c1Q 67. Rxc1 a1Q 68. Rxa1 Rxa1 69. Kf3 Ra2 70. h3 Kf6 71. Kg4 Rf2 72. h4 h5+ 73. Kh3 Rf3 74. Kh2 Rb3 75. Kh3 Kf5 76. Kg2 Kg4 77. Kh2 Rb2+ 78. Kg1 Kxg3 79. Kf1 Ra2 80. Ke1 Kf3 0-1

[Event "NED-ch U13"]
[Site "Rijswijk"]
[Date "2006.05.25"]
[Round "1"]
[White "Suilen, Willem"]
[Black "Goedegebuur, Richard"]
[Result "0-1"]
[WhiteElo "1298"]
[BlackElo "1563"]
[PlyCount "118"]
[EventDate "2006.05.25"]
[EventType "swiss"]
[EventRounds "9"]
[EventCountry "NED"]
[SourceTitle "EXT 2009"]
[Source "ChessBase"]
[SourceDate "2008.11.26"]
[SourceVersion "1"]
[SourceVersionDate "2008.11.26"]
[SourceQuality "1"]

1. e4 e5 2. Nf3 Nc6 3. Bb5 Bc5 4. 0-0 Nf6 5. Nc3 d6 6. d3 h6 7. b3 Bg4 8. Nd5 0-0 9. Bxc6 bxc6 10. Nxf6+ Qxf6 11. h3 Bxf3 12. Qxf3 Qxf3 13. gxf3 Bd4 14. Rb1 f5 15. exf5 Rxf5 16. Be3 Rxf3 17. Kg2 Rff8 18. Rg1 Bxe3 19. fxe3 Rf6 20. Rbf1 Rg6+ 21. Kh2 Rxg1 22. Rxg1 Rf8 23. Kg2 Rf6 24. Rf1 Kf7 25. Rxf6+ Kxf6 26. Kg3 g6 27. h4 g5 28. h5 d5 29. Kg4 e4 30. d4 Ke6 31. c3 Kf6 32. b4 Ke6 33. a4 Kf6 34. b5 cxb5 35. axb5 Ke6 36. Kh3 Kf5 37. Kg3 g4 38. Kh4 g3 39. Kxg3 Kg5 40. Kh3 Kxh5 41. Kg3 Kg5 42. Kh3 h5 43. Kg3 h4+ 44. Kh3 Kh5 45. Kg2 Kg4 46. Kh2 Kf3 47. Kg1 Kxe3 48. Kf1 h3 49. Kg1 h2+ 50. Kxh2 Kf2 51. Kh3 e3 52. Kg4 e2 53. Kf5 e1Q 54. Kf6 Kf3 55. Kf7 Kf4 56. Kf6 Qe8 57. Kg7 Kf5 58. Kh7 Qf8 59. c4 Kf6 0-1